|
|
|
|
| LEADER |
01462nam a2200349 a 4500 |
| 001 |
000119489 |
| 003 |
CZ BrMZK |
| 005 |
20080626093411.0 |
| 007 |
ta |
| 008 |
960815s1996 xr f cze d |
| 015 |
|
|
|a cnb000202869
|
| 020 |
|
|
|a 80-7079-775-4
|
| 035 |
|
|
|a (OCoLC)38761076
|
| 040 |
|
|
|a BOA001
|b cze
|
| 080 |
|
|
|a 64.024(075.8)
|2 MRF
|
| 100 |
1 |
|
|a Indrová, Jarmila
|7 mzk2004265371
|4 aut
|
| 245 |
1 |
0 |
|a Hotelový management :
|b (vybrané kapitoly) /
|c Jarmila Indrová
|
| 250 |
|
|
|a Vyd. 1.
|
| 260 |
|
|
|a Praha :
|b Vysoká škola ekonomická,
|c 1996
|
| 300 |
|
|
|a 136 s. :
|b il. ;
|c 29 cm
|
| 504 |
|
|
|a Obsahuje bibliografii
|
| 521 |
8 |
|
|a Určeno pro inženýrské studium VŠE
|
| 653 |
0 |
|
|a hotelnictví
|a hotelový management
|
| 710 |
2 |
|
|a Vysoká škola ekonomická v Praze.
|b Fakulta mezinárodních vztahů
|7 kn20010709400
|
| 856 |
4 |
1 |
|u http://www.digitalniknihovna.cz/mzk/uuid/uuid:b99a82c0-8f30-11e3-997d-005056827e52
|y Digitalizovaný dokument
|x NDK
|
| 910 |
|
|
|a BOA001
|b 4-1027.945
|b TK-A-0260.384
|
| 920 |
|
|
|a 000127937
|
| 964 |
|
|
|a Hotelnictví
|x management
|x učebnice
|x školy vysoké
|
| 990 |
|
|
|a BK
|
| 996 |
7 |
|
|b 2610045797
|c 4-1027.945
|l MZK
|r Sklad / do 1 hodiny
|n 43
|p p.v.
|w 000119489
|u 000010
|a 1
|e BOA001
|j MZK50
|s A
|
| 996 |
7 |
|
|b 2620006251
|c TK-A-0260.384
|l MZK
|r Sklad / do 24 hodin
|n 15
|p kup
|w 000119489
|u 000020
|a 1
|e BOA001
|j MZK50
|s A
|
| 996 |
7 |
|
|b 2620006252
|c TK-A-0260.384
|l MZK
|r Sklad / do 24 hodin
|n 13
|p kup
|w 000119489
|u 000030
|a 1
|e BOA001
|j MZK50
|s A
|